Представление документа в формате RUSMARC

ПолеНазваниеЗначение
  Тип записи a
  Библиографический уровень m
001 Контрольный номер RU/SLIB/B/208770586
005 Дата корректировки 20201206204300.0
010 Индекс ISBN __
a ISBN 5-282-02221-4
d Цена 262-50
021 № государственной регистрации __
b № документа 2003-23382
b № документа 1091
100 Данные общей обработки __
a Данные общей обработки 19030514d2003 |||y0rusy0189 ca
101 Язык документа 0_
a Язык текста rus
c Язык оригинала rus
102 Страна публикации __
a Страна публикации RU
105 Кодированные данные (монография) __
a Кодированные данные (монография) a |||||||zy
200 Заглавие и сведения об ответственности 0_
a Заглавие Курс к опасности
f Первые сведения об ответственности В. Г. Карпичев
b Общее обозначение материала Текст
210 Выходные данные __
a Место издания М.
c Издательство Экономика
d Дата издания 2003
215 Физическое описание __
a Объем 362,[2] с., [12] л. ил.
330 Аннотация __
a Аннотация Книга о водолазах.
606 Тематические рубрики __
a Основная рубрика Транспорт
606 Тематические рубрики __
a Основная рубрика Аварийно-спасательное и водолазное дело
y Географическая подрубрика СССР
610 Ключевые слова __
a Ключевые слова водолазное дело; водолазы; водолазные службы
686 Индексы других классификаций __
a Классификационный индекс 39.49
700 Автор _1
a Фамилия Карпичев
b Имя В. Г.
g Полное личное имя Владимир Григорьевич
4 Код отношения 070
801 Источник записи _0
a Страна RU
b Организация Муниципальное бюджетное учреждение культуры "Централизованная библиотечная система" г. Сургут (Центральная городская библиотека им. А. С. Пушкина)
c Дата составления 20030514
g Правила каталогизации КиК/Гришунина
801 Источник записи _1
a Страна RU
b Организация Муниципальное бюджетное учреждение культуры "Централизованная библиотечная система" г. Сургут (Центральная городская библиотека им. А. С. Пушкина)
c Дата составления 20030514
g Правила каталогизации КиК/Гришунина
852 Данные о местонахождении __
j Шифр хранения 39.49
i Авторский знак К 26
p Инвентарный номер 05060509; 05060510
901 Тип документа __
t Тип документа m
903 Характеристики (МАРС) __
a Дата передачи 20050609
990 Данные о заказе (DOS) __
t N записи в КСУ для И/У (DOS) 200506
j Количество экземпляров (DOS) 2